Sports Quiz

Random Sports or Hockey Quiz

2010-2011 GBN Hockey Roster Quiz Stats

 Plays Quiz not verified by Sporcle

Score 0/32 Timer 05:00
0 Plays Today
Hint Players/Coaches % Correct
Troy Carroll
100%
Paddy McNally
100%
Jack Day
100%
Nick Day
100%
Sam Berlin
80%
Michael Ramsay
80%
Sam Katz
80%
Seth Gideon
80%
Frankie Pintz
80%
Blake Raven
80%
Daniel Goldblatt
80%
Garrison Sanipass
80%
Jonathan Gauger
80%
Eric Anderson
80%
Jared Fisher
80%
Chris Merritt
80%
Hint Players/Coaches % Correct
Kevin Wijas
80%
Ben Stein
80%
Mark Brunner
80%
Bill Martin
80%
JV Call-upParker Roth
80%
Dave Carroll
80%
Sarah McNally
80%
Tommy Washburn
60%
John Boidanis
60%
Chris Holly
60%
JV Call-upBear Abramson
60%
Bob Anderson
60%
Tom Washburn
60%
Brandon Rubin
60%
Dee Washburn
60%
Karl Lindahl
40%

You're not logged in!

Compare scores with friends on all Sporcle quizzes.
OR
Log In

Show Comments

Extras

Top Quizzes Today


Score Distribution

Your Account Isn't Verified!

In order to create a playlist on Sporcle, you need to verify the email address you used during registration. Go to your Sporcle Settings to finish the process.

Report this User

Report this user for behavior that violates our Community Guidelines.

Details: